Quizzes
Events
Quiz Creation
Community
Videos
Private Events
Remove Ads
Sign In
Join for FREE
Feedback
Dark Mode
Quiz Categories
Sports
Geography
Music
Movies
Television
Just For Fun
Miscellaneous
History
Literature
Language
Science
Gaming
Entertainment
Religion
Holiday
For Kids
Quiz Lab
Recent
Popular Today
Quiz Kudos Today
Editor Picks
Curator Picks
Quizzes by...
Day
Popularity
Type
Ratings
Length
Year
Community
Subscriptions
Recent Discussions
Orange Saloon
Badges
Playlists
Quests
Create
Leaderboards
Showdown
Live 5
Trivia Bingo
Activity
Puzzle Library
Sporcle Events
Private Events
Virtual Trivia
Globe League
Become a Host
Pub Owners
SporcleCon
Opinionation
Our Games
Videos
Blog
Mobile Apps
Partnerships
Remove Ads and Go Orange
Feedback
Holiday
Halloween
Christmas
Holiday Songs
April Fools'
Thanksgiving
Valentine's Day
Easter
St Patrick's Day
National Holiday
Religious Holiday
Holiday
Halloween
Christmas
Holiday Songs
April Fools'
Thanksgiving
Valentine's Day
Easter
St Patrick's Day
National Holiday
Religious Holiday
Random Quiz
Search Sporcle
×
Quiz Lab
Quiz Lab
Holiday
Clickable
Select answers by clicking on text or image buttons
Select answers by clicking on text or image buttons
Clickable
Best Score? Go Orange.
50 Superstitions(clickable) Stats
Can you pick the items that fits each superstition or old wive's tale?
By
Rhetta
7m
50 Questions
700 Plays
700 Plays
700 Plays
Comments
Comments
Give Quiz Kudos
Give Quiz Kudos
-
- Ratings
hide this ad
Forced Order
Answers have to be entered in order
Answers have to be entered in order
Replay
Link that replays current quiz
Next Quiz
Link to next quiz in quiz playlist
You Got
0%
They Got
Avg Score
35%
Avg Friend Score
Upgrade to see
Score Distribution
Jump to the score distribution portion of the page
Score
0/50
Timer
07:00
0
Plays Today
% Correct
Ladder
71.9%
Mirror
70.9%
Salt
68.7%
Apple
68.3%
Umbrella
68%
Mistletoe
67.4%
Wood
65.7%
Crack
65.4%
Windows
55.9%
Watermelon
55.1%
Nose
54.6%
Ivy
53.6%
Yawn
51.1%
Horseshoe
50.1%
Rabbit's Foot
48.7%
Bread
47%
Bees
42.9%
Cheeks
41.4%
Shoes
41.4%
Line
39.1%
Cows
36.4%
Calf
35.7%
Rosemary
35.6%
Pepper
35.1%
Baseball Bat
34.9%
% Correct
Cats
34.9%
Opal
33.4%
Bells
31%
Scissors
30.9%
Owl
28.3%
Bed
25.1%
Ladybug
24%
Fork
22%
Red Ribbon
19.1%
Amber
18.7%
Butterflies
17.1%
Sparrows
17.1%
Elephant
17.1%
Knife
17%
Seagulls
16.9%
Ambulance
16.7%
Frog
15.9%
Bird
15.6%
Raven
14.4%
Cricket
11.9%
Lettuce
11.7%
Acorn
10.9%
Lizard
10.6%
Blue
9.3%
Spider
8.7%
Quiz Playlist
Details
Report
Send in Message
Add To Playlist
Clickable:
Select answers by clicking on text or image buttons
Forced Order:
Answers have to be entered in order
Last Updated: Feb 16, 2017
Quiz Scoreboard
CHALLENGE
Sign Up to Join the Scoreboard
Show All
Scores
Hide
Comments
May contain spoilers
Recently Published
1-10 Letter E Words III
by El_Dandy
Language
2m
One Thing in Common: World Cities II
by knightlancer
Geography
7m
Popular People in 1961
by mucciniale
History
6m
More to Explore
Quiz From the Vault
Featured Blog Post
Where Did the Easter Bunny Come From?
hide this ad
You Might Also Like...
Tags
Clickable Quiz
legend
lore
Superstition
tale
Today's Top Quizzes in Holiday
Browse Holiday
hide this ad
Today's Top Quizzes in Clickable
Browse Clickable
Top Contributed Quizzes in Holiday
1
Easter - Did You Know?
2
Holidays Spelling Bee
3
Show What You Know: US Federal Holidays
4
The Holiday Category, A to Z
5
10 to 1: Ramadan
6
The 3rd thing you need to know: Halloween
7
Order the Chinese Zodiac Animals
8
Festive Symbols: Christmas or Hallowe'en?
9
3-per Word Ladder: Listen Up!
10
Slices of Holidays
Explore More
Trending Topics
Crossword
Kpop
NBA
Harry Potter
Disney
Anime
Marvel
Country
WWE
The Office
Song
Soccer
Pokémon
NFL
Puzzle
hide this ad
More By:
Rhetta
Quiz
Plays
Rating
Category
Featured
Created
Doctor Who Actors - Clickable Minefield
90,485
3.97
Television
Jan 13, 2013
Disney or Dreamworks - Movies (clickable)
7,176
4.76
Movies
Sep 7, 2012
Disney or Nick - Sitcoms (clickable)
6,316
4.25
Television
Sep 5, 2012
Thanksgiving Trivia(clickable)
3,949
3.58
Holiday
Nov 1, 2012
Halloween Trivia(clickable)
3,044
4.19
Holiday
Oct 11, 2012
Go to Creator's Profile
Score Distribution
Quiz Creator Spotlight
Rhetta
Follow
Send a Message
Quizzes Created
-
Created Quiz Play Count
-
More By This Creator
Popular Quizzes Today
1
Find the US States - No Outlines Minefield
2
The Countries of the World
3
Find the Countries of Europe - No Outlines Minefield
4
Popular People in 1961
5
1-10 Letter E Words III
6
Find the US States
7
One Thing in Common: World Cities II
8
US States
More Holiday Quizzes
Finish the Christmas Song
Published
Trending Quizzes
Risky Map Clicking: Least Populous States A-Z
1-10 Letter F Words
1-10 Letter G Words
One Thing in Common: United Kingdom
Risky Map Clicking: Next State Alphabetically
Recently Updated
Leaping Animals
pecheneg
Reality TV Shows (A-Z)
bhenderson79
Rickey Henderson's Hall of Fame Teammates
pecheneg
Champions League XIs: Arsenal
pecheneg
Quick Pick: Celebrities in WWE's Hall of Fame
aduchscher
A-Z Keypad Blitz II
pecheneg
Multiple Oscar Actors
pecheneg
Mystery Phrase Blitz: Oscar 'Best Actors'
pecheneg
F. Scott Fitzgerald Novels
LTH
Pick 3 Villains
ddd62291
Trending Topics
Marvel
Kpop
Disney
Harry Potter
NBA
Crossword
Anime
WWE
Puzzle
The Office
Country
NFL
Pokémon
Soccer
Song
Your Account Isn't Verified!
In order to create a playlist on Sporcle, you need to verify the email address you used during registration. Go to your
Sporcle Settings
to finish the process.
Report this User
Report this user for behavior that violates our
Community Guidelines
.
Details:
Send Report
Go to the Sporcle.com Mobile Site →
Comments